| 000 | 00722cac a2200205 a 4500 | ||
|---|---|---|---|
| 005 | 20250522122813.0 | ||
| 008 | 250522b mx |||||||| |||| 00spa|d | ||
| 020 | _a9682315573 | ||
| 050 | 0 | 0 |
_aHC135 _bB37 1999 |
| 100 | 1 | _aBasáñez, Miguel | |
| 245 | 1 | 3 |
_aEl pulso de los sexenios _b : 20 años de crisis en México _c / por Miguel Basáñez. |
| 246 | 1 | 4 |
_aEl pulso de los sexenios _b : veinte años de crisis en México |
| 250 | _a4a ed. | ||
| 260 |
_aMéxico : _bSiglo Veintiuno Editores, _c1999 |
||
| 300 |
_a411 p. : _bil. ; _c21 cm. |
||
| 490 | 0 | _aSociología y política | |
| 504 | _aIncluye apéndice y bibliografías | ||
| 651 | 7 |
_2lemb _aMéxico _xCondiciones económicas _y1968-1988 |
|
| 942 |
_2lcc _cLIB |
||
| 999 |
_c66843 _d66843 |
||